Low-level radioactive waste management : a challenge for Texas.

Bibliographic Details
Corporate Author: Texas. Bureau of Radiation Control
Format: Government Document Book
Language:English
Published: [Austin, Tex.] : Texas Dept. of Health, Bureau of Radiation Control, [1984]
Subjects:

MARC

Tag First Indicator Second Indicator Subfields
LEADER 00000cam a2200000 a 4500
001 in00001069300
005 20150929093023.0
008 841213s1984 txua s00000 eng d
035 |a (OCoLC)11489735 
035 |9 AFM7662AM 
040 |a IKM  |c IKM  |d UtOrBLW 
049 |a IKMd 
086 |a H600.8 L95 1984  |2 txdocs 
099 9 |a H600.8  |a L95  |a 1984 
245 0 0 |a Low-level radioactive waste management :  |b a challenge for Texas. 
264 1 |a [Austin, Tex.] :  |b Texas Dept. of Health, Bureau of Radiation Control,  |c [1984] 
300 |a 5 unnumbered pages :  |b 1 illustration ;  |c 22 cm. 
336 |a text  |b txt  |2 rdacontent 
337 |a unmediated  |b n  |2 rdamedia 
338 |a volume  |b nc  |2 rdacarrier 
500 |a Cover title. 
500 |a "3/84." 
650 0 |a Radioactive waste disposal in the ground  |z Texas. 
650 0 |a Radioactive wastes. 
710 1 |a Texas.  |b Bureau of Radiation Control. 
999 |a MARS 
999 f f |s b9d4fb15-908f-3a66-ba02-db84b7dcb621  |i 08022bc9-b29c-37f8-b558-11cc48b2344e  |t 0 
952 f f |p normal  |a Texas A&M University  |b College Station  |c Sterling C. Evans Library  |d Evans: Texas Documents (Annex 5th floor)  |t 0  |e H600.8 L95 1984  |h Other scheme  |i unmediated -- volume  |m A14815383892 
998 f f |a H600.8 L95 1984  |t 0  |l Evans: Texas Documents (Annex 5th floor)